[Event "St Ingbert op"]
[Site "St Ingbert"]
[Date "1988.??.??"]
[Round "1"]
[White "Burkhard, Thorsten"]
[Black "Lehmann, Rainer"]
[Result "0-1"]
[WhiteElo "1584"]
[BlackElo "2064"]
[PlyCount "72"]
[EventDate "1988.08.20"]
[EventType "swiss"]
[EventRounds "9"]
[EventCountry "GER"]
[SourceTitle "EXT 2002"]
[Source "ChessBase"]
[SourceDate "2001.11.25"]
[SourceVersion "1"]
[SourceVersionDate "2001.11.25"]
[SourceQuality "1"]

1. e4 e6 2. d4 d5 3. Nd2 Nf6 4. e5 Nfd7 5. Bd3 c5 6. c3 Nc6 7. Ne2 cxd4 8. cxd4 f6 9. exf6 Nxf6 10. Nf3 Bd6 11. 0-0 Qc7 12. Nc3 a6 13. h3 0-0 14. Be3 g6 15. Qd2 Nh5 16. Ne2 Rxf3 17. gxf3 e5 18. Kg2 exd4 19. Bh6 Qf7 20. f4 Bd7 21. a3 Re8 22. Rae1 Nd8 23. Bb1 Ne6 24. f5 gxf5 25. Kh1 Qf6 26. Rg1+ Kf7 27. Rg2 f4 28. Bxh7 Qxh6 29. Bg6+ Kf8 30. Bxe8 Bxe8 31. Reg1 Nf6 32. Nxd4 Bf7 33. Nxe6+ Bxe6 34. Qd3 Ne4 35. f3 Qxh3+ 36. Rh2 Nf2# 0-1

[Event "St Ingbert op"]
[Site "St Ingbert"]
[Date "1988.??.??"]
[Round "9"]
[White "Burkhard, Thorsten"]
[Black "Wolf, Gerald"]
[Result "1-0"]
[WhiteElo "1584"]
[BlackElo "1768"]
[PlyCount "79"]
[EventDate "1988.08.20"]
[EventType "swiss"]
[EventRounds "9"]
[EventCountry "GER"]
[SourceTitle "EXT 2002"]
[Source "ChessBase"]
[SourceDate "2001.11.25"]
[SourceVersion "1"]
[SourceVersionDate "2001.11.25"]
[SourceQuality "1"]

1. e4 c5 2. Nf3 d6 3. d4 cxd4 4. Nxd4 Nf6 5. Nc3 g6 6. Be3 Bg7 7. f3 Nc6 8. Qd2 0-0 9. Bc4 Qa5 10. Bb3 Bd7 11. 0-0-0 Rfc8 12. g4 Ne5 13. h4 Nc4 14. Bxc4 Rxc4 15. Kb1 Kf8 16. Bh6 Rac8 17. Bxg7+ Kxg7 18. Nb3 Qb6 19. e5 Ng8 20. h5 Be6 21. hxg6 hxg6 22. exd6 exd6 23. Qh2 R8c6 24. Qh8+ Kf8 25. Rh7 Rxc3 26. bxc3 Qe3 27. Qg7+ Ke7 28. Rh8 Qxf3 29. Rc1 Qf6 30. Qxg8 Rc8 31. Qxc8 Bxc8 32. Rxc8 Kd7 33. Rc4 Qe6 34. Rd4 b6 35. Rcd1 Kc7 36. Kb2 a5 37. Nd2 Qe2 38. Nc4 f5 39. gxf5 gxf5 40. Nxd6 1-0

[Event "St Ingbert op"]
[Site "St Ingbert"]
[Date "1988.??.??"]
[Round "4"]
[White "Hingst, Stefan"]
[Black "Burkhard, Thorsten"]
[Result "1-0"]
[WhiteElo "2024"]
[BlackElo "1584"]
[PlyCount "94"]
[EventDate "1988.08.20"]
[EventType "swiss"]
[EventRounds "9"]
[EventCountry "GER"]
[SourceTitle "EXT 2002"]
[Source "ChessBase"]
[SourceDate "2001.11.25"]
[SourceVersion "1"]
[SourceVersionDate "2001.11.25"]
[SourceQuality "1"]

1. e4 c5 2. c3 e6 3. d4 d5 4. exd5 Qxd5 5. Nf3 Nf6 6. Na3 Nc6 7. Be2 Be7 8. Bf4 a6 9. Nc4 Qd8 10. dxc5 Qxd1+ 11. Rxd1 Bxc5 12. b4 Nd5 13. Bd2 Be7 14. 0-0 0-0 15. a4 Na7 16. Nce5 f6 17. Nc4 Bd7 18. Ra1 b5 19. Nb2 Rfc8 20. Rfc1 Rc7 21. axb5 axb5 22. Nd4 Rac8 23. Nd1 e5 24. Nc2 f5 25. g3 e4 26. Nde3 Nb6 27. Ra6 Rb8 28. Nxf5 Bxf5 29. Bf4 Rbb7 30. Bxc7 Nd5 31. Be5 Bd7 32. Bd4 Nc6 33. Be3 Bf6 34. h4 h6 35. Bh5 Kh7 36. Bf7 Nc7 37. Rb6 Nd8 38. Bb3 Rxb6 39. Bxb6 Be5 40. Ne3 Nde6 41. Nd5 Ne8 42. Bc2 Nd6 43. Bc5 Nxc5 44. bxc5 Nb7 45. Bxe4+ Kh8 46. Ne7 Nxc5 47. Ng6+ Kh7 1-0

[Event "St Ingbert op"]
[Site "St Ingbert"]
[Date "1988.??.??"]
[Round "8"]
[White "Kutzner, Joachim"]
[Black "Burkhard, Thorsten"]
[Result "1-0"]
[WhiteElo "1840"]
[BlackElo "1584"]
[PlyCount "32"]
[EventDate "1988.08.20"]
[EventType "swiss"]
[EventRounds "9"]
[EventCountry "GER"]
[SourceTitle "EXT 2002"]
[Source "ChessBase"]
[SourceDate "2001.11.25"]
[SourceVersion "1"]
[SourceVersionDate "2001.11.25"]
[SourceQuality "1"]

1. e4 c5 2. c3 d5 3. exd5 Qxd5 4. d4 e6 5. Nf3 Nc6 6. Bd3 Nf6 7. 0-0 Be7 8. a3 0-0 9. c4 Qd8 10. dxc5 Bxc5 11. Nc3 Qc7 12. b4 Bd6 13. Nb5 Qd7 14. Nxd6 Rd8 15. c5 b6 16. Bb2 Kh8 1-0